000 00470nam a2200157 i 4500
001 70333
003 ES-MaACL
005 20230906170805.0
007 t|
008 040721s1969 sp ||||1| spa d
100 1 _aGarcía Ruescas, Francisco.
_955233
245 1 0 _aTécnicas de economía y publicidad /
_cFrancisco García Ruescas.
260 _aMadrid :
_bEd. Nacional,
_c1969.
300 _a480 p., 28 lám. :
_bil. ;
_c24 cm.
852 _aES-MaACL
_jC-37931
_bR.69867
999 _c70333
_d70333